Top-Level-Domains aller Länder - Statistiken

Allgemein
  • Dieses Quiz wurde 43 mal gespielt
  • Das Durchschnittsergebnis liegt bei 123 aus 196
Antwortstatistiken
Land Domain % Korrekt
Albanien .al
100%
Afghanistan .af
97%
Deutschland .de
97%
Antigua und Barbuda .ag
94%
Andorra .ad
91%
Argentinien .ar
91%
Australien .au
91%
Bosnien und Herzegowina .ba
91%
Bahrain .bh
91%
Vereinigte Arabische Emirate .ae
88%
Belgien .be
88%
Brasilien .br
88%
Ägypten .eg
88%
Österreich .at
85%
Bulgarien .bg
85%
Brunei .bn
85%
Bolivien .bo
85%
Armenien .am
82%
Bahamas .bs
82%
Schweiz .ch
82%
Costa Rica .cr
82%
Spanien .es
82%
Angola .ao
79%
Bhutan .bt
79%
Belize .bz
79%
Elfenbeinküste .ci
79%
Chile .cl
79%
China .cn
79%
Dänemark .dk
79%
Äthiopien .et
79%
Italien .it
79%
Norwegen .no
79%
Burkina Faso .bf
76%
Burundi .bi
76%
Botswana .bw
76%
Frankreich .fr
76%
Marokko .ma
76%
Namibia .na
76%
Vereinigte Staaten .us
76%
Bangladesch .bd
74%
Kolumbien .co
74%
Finnland .fi
74%
Indien .in
74%
Island .is
74%
Moldawien .md
74%
Madagaskar .mg
74%
Mali .ml
74%
Malawi .mw
74%
Malaysia .my
74%
Niger .ne
74%
Panama .pa
74%
Peru .pe
74%
Philippinen .ph
74%
Saudi-Arabien .sa
74%
Schweden .se
74%
Barbados .bb
71%
Dominika .dm
71%
Dominikanische Republik .do
71%
Ecuador .ec
71%
Eritrea .er
71%
Gabun .ga
71%
Griechenland .gr
71%
Indonesien .id
71%
Israel .il
71%
Iran .ir
71%
Japan .jp
71%
Kenia .ke
71%
Malta .mt
71%
Oman .om
71%
Pakistan .pk
71%
Polen .pl
71%
Russland .ru
71%
Kanada .ca
68%
Ghana .gh
68%
Jamaika .jm
68%
Jordanien .jo
68%
Kiribati .ki
68%
Laos .la
68%
Liechtenstein .li
68%
Monaco .mc
68%
Montenegro .me
68%
Nigeria .ng
68%
Nicaragua .ni
68%
Nauru .nr
68%
Neuseeland .nz
68%
Portugal .pt
68%
Slowakei .sk
68%
Sierra Leone .sl
68%
San Marino .sm
68%
Senegal .sn
68%
Vereinigtes Königreich .uk
68%
Kuba .cu
65%
Tschechien .cz
65%
Georgien .ge
65%
Guatemala .gt
65%
Libanon .lb
65%
Litauen .li
65%
Luxemburg .lu
65%
Libyen .ly
65%
Niederlande .nl
65%
Sao Tomé und Príncipe .st
65%
Thailand .th
65%
Tunesien .tn
65%
Tonga .to
65%
Türkei .tr
65%
Venezuela .ve
65%
Kap Verde .cv
62%
Zypern .cy
62%
Gambia .gm
62%
Guinea .gn
62%
Haiti .ht
62%
Irland .ie
62%
St. Kitts und Nevis .kn
62%
Südkorea .kr
62%
Kuwait .kw
62%
Lesotho .ls
62%
Mongolei .mn
62%
Mauretanien .mr
62%
Mexiko .mx
62%
Paraguay .py
62%
Somalia ..so
62%
Syrien .sy
62%
Tuvalu .tv
62%
Taiwan .tw
62%
Ukraine .ua
62%
Uganda .ug
62%
Vatikanstadt .va
62%
Vietnam .vn
62%
Aserbaidschan .az
59%
Kamerun .cm
59%
Grenada .gd
59%
Honduras .hn
59%
Kirgisistan .kg
59%
Lettland .ly
59%
Mauritius .mu
59%
Malediven .mv
59%
Nepal .np
59%
Papua-Neuguinea .pg
59%
Katar .qa
59%
Slowenien .si
59%
Togo .tg
59%
Trinidad und Tobago .tt
59%
Guyana .gy
56%
Kroatien .hr
56%
Liberia .lr
56%
Nordmazedonien .mk
56%
Mosambik .mz
56%
Rumänien .ro
56%
Salomonen .sb
56%
Seychellen .sc
56%
Singapur .sg
56%
Suriname .sr
56%
Südsudan .ss
56%
Turkmenistan .tm
56%
Uruguay .uy
56%
Demokratische Republik Kongo .cd
53%
Ungarn .hu
53%
Irak .iq
53%
Sudan .sd
53%
Tschad .td
53%
Jemen .ye
53%
Komoren .km
50%
El Salvador .sv
50%
Föderierte Staaten von Mikronesien .fm
47%
Marshallinseln .mh
47%
Myanmar .mm
47%
Südafrika .za
47%
Fidschi .fj
44%
Kasachstan .kz
44%
Ruanda .rw
44%
Tansania .tz
44%
Vanuatu .vu
44%
Serbien .rs
41%
Republik Kongo .cg
38%
Dschibuti .dj
38%
Tadschikistan .tj
38%
Usbekistan .uz
38%
Sambia .zm
38%
St. Lucia .lc
35%
Osttimor .tl
35%
Simbabwe .zw
35%
Kambodscha .kh
32%
Eswatini .sz
32%
Belarus .by
26%
Estland .ee
26%
Sri Lanka .lk
26%
St. Vincent und die Grenadinen .vc
26%
Benin .bj
24%
Zentralafrikanische Republik .cf
24%
Nordkorea .kp
15%
Palau .pw
15%
Algerien .dz
12%
Äquatorialguinea .gq
12%
Guinea-Bissau .gw
9%
Samoa .ws
9%
Kosovo (inoffiziell) .xk
6%
Keine übereinstimmenden Quizze gefunden
Verteilung der Resultate
Anzahl Personen mit jedem Resultat
Perzentil nach korrekt beantworteten Fragen
Ihre Resultats-Entwicklung
Sie haben dieses Quiz noch nicht gespielt